| 000 | 00489pab a2200181 454500 | ||
|---|---|---|---|
| 008 | 180718b2006 xxu||||| |||| 00| 0 eng d | ||
| 100 | _aBai, Chong-En | ||
| 245 | _aThe Multitask theory of state enterprise reform: empirical evidence from China | ||
| 260 | _c2006 | ||
| 300 | _ap.353-57. | ||
| 362 | _aMay | ||
| 650 | _aPublic sector - China | ||
| 650 | _aPublic sector | ||
| 700 | _aTao, Zhigang | ||
| 700 | _aLu, Jiangyong | ||
| 773 | _aAmerican Economic Review | ||
| 909 | _a69997 | ||
| 999 |
_c69997 _d69997 |
||